Quizzes
Events
Quiz Creation
Community
Videos
Private Events
Remove Ads
Sign In
Join for FREE
Feedback
Dark Mode
Quiz Categories
Sports
Geography
Music
Movies
Television
Just For Fun
Miscellaneous
History
Literature
Language
Science
Gaming
Entertainment
Religion
Holiday
For Kids
Quiz Lab
Recent
Popular Today
Quiz Kudos Today
Editor Picks
Curator Picks
Quizzes by...
Day
Popularity
Type
Ratings
Length
Year
Community
Subscriptions
Recent Discussions
Orange Saloon
Badges
Playlists
Quests
Create
Leaderboards
Showdown
Live 5
Trivia Bingo
Activity
Puzzle Library
Sporcle Events
Private Events
Virtual Trivia
Globe League
Become a Host
Pub Owners
SporcleCon
Opinionation
Our Games
Videos
Blog
Mobile Apps
Partnerships
Remove Ads and Go Orange
Feedback
Just For Fun
Clickable
Get the Picture
Humor
Quick Pick
Word Ladder
Missing Word
Mixed Word
Blitz
Minefield
This or That
Alphabet
Color
Typing
Sporcle
Puzzle
Word Play
Follow That Line
Logic
Just For Fun
Clickable
Get the Picture
Humor
Quick Pick
Word Ladder
Missing Word
Mixed Word
Blitz
Minefield
This or That
Alphabet
Color
Typing
Sporcle
Puzzle
Word Play
Follow That Line
Logic
Random Quiz
Search Sporcle
×
Quiz Lab
Quiz Lab
Just For Fun
Teenager
Type in answers that appear in a list
Type in answers that appear in a list
Classic
Best Score? Go Orange.
List of Famous Teenage Shops Stats
Can you name the described popular American shops?
By
Nymphadora20
12m
17 Questions
261 Plays
261 Plays
261 Plays
Comments
Comments
Give Quiz Kudos
Give Quiz Kudos
-
- Ratings
hide this ad
Replay
Link that replays current quiz
Next Quiz
Link to next quiz in quiz playlist
You Got
0%
They Got
Avg Score
43%
Avg Friend Score
Upgrade to see
Score Distribution
Jump to the score distribution portion of the page
Score
0/17
Timer
12:00
0
Plays Today
Hint
% Correct
'Just Do It'
Nike
89.3%
Always 20+1
Forever 21
82%
It's symbol is a moose
Abercrombie
79.3%
Named after a symbol of America
American Eagle
75.5%
You need a flashlight to see
Hollister
73.9%
Who has a secret?
Victoria's Secret
61.7%
Guess what it is.
GUESS
51.7%
_
_
_
_
_
_
Outfitters
Urban Outfitters
42.5%
Named after a moist animal.
Wet Seal
37.2%
Hint
% Correct
Ancient Blue
Old Navy
31.8%
Known as PacSun
Pacific Sunwear
26.1%
Footwear for all people
Famous Footwear
19.5%
similar to Abercrombie
Aeropostale
18.8%
Has a flower in it's sign
Delia's
18%
the social science that studies the origins and social relationships of human beings
Anthropologie
17.2%
The highest shop
Topshop
14.9%
symbol is a heart
Roxy
6.1%
Quiz Playlist
Details
Report
Send in Message
Add To Playlist
Classic:
Type in answers that appear in a list
Last Updated: Feb 16, 2017
Quiz Scoreboard
CHALLENGE
Sign Up to Join the Scoreboard
Show All
Scores
Hide
Comments
May contain spoilers
Recently Published
1-10 Letter E Words III
by El_Dandy
Language
2m
One Thing in Common: World Cities II
by knightlancer
Geography
7m
Popular People in 1961
by mucciniale
History
6m
More to Explore
Quiz From the Vault
Featured Blog Post
Where Did the Easter Bunny Come From?
hide this ad
You Might Also Like...
Tags
mall
Shopping Malls
teen
Teenager
Today's Top Quizzes in Just For Fun
Browse Just For Fun
hide this ad
Today's Top Quizzes in Teenager
Browse Teenager
Top Contributed Quizzes in Just For Fun
1
Harry Potter Logic - 'In Chains' II
2
Survivor Winners Logic Puzzle
3
Crossword Whiteout! 49
4
Letter's Position in the Alphabet Blitz
5
K-Pop Idol Olympics Logic Quiz II
6
Tapa Puzzle
7
Thermometer Puzzle 25
8
Aquarium Logic Puzzle 17
9
Clickable 1 to 100 Minefield
10
Word Ladder: Ahoy Matey
Explore More
Trending Topics
Marvel
NBA
Kpop
Anime
Crossword
Harry Potter
Disney
Country
Song
Pokémon
NFL
Puzzle
WWE
The Office
Soccer
hide this ad
More By:
Nymphadora20
Quiz
Plays
Rating
Category
Featured
Created
List of Famous Teenage Shops
261
3.67
Just For Fun
Jan 10, 2011
Go to Creator's Profile
Score Distribution
Quiz Creator Spotlight
Nymphadora20
Follow
Send a Message
Quizzes Created
-
Created Quiz Play Count
-
More By This Creator
Popular Quizzes Today
1
Find the US States - No Outlines Minefield
2
The Countries of the World
3
Popular People in 1961
4
Find the Countries of Europe - No Outlines Minefield
5
1-10 Letter E Words III
6
Find the US States
7
One Thing in Common: World Cities II
8
US States
More Just For Fun Quizzes
Get the Picture: Songs by Billy
Published
Trending Quizzes
1-10 Letter F Words
1-10 Letter G Words
Risky Map Clicking: Next State Alphabetically
1-10 Letter F Words II
Risky Map Clicking: States by Unique Starting Letters
Recently Updated
Leaping Animals
pecheneg
Reality TV Shows (A-Z)
bhenderson79
Rickey Henderson's Hall of Fame Teammates
pecheneg
Champions League XIs: Arsenal
pecheneg
Quick Pick: Celebrities in WWE's Hall of Fame
aduchscher
A-Z Keypad Blitz II
pecheneg
Multiple Oscar Actors
pecheneg
Mystery Phrase Blitz: Oscar 'Best Actors'
pecheneg
F. Scott Fitzgerald Novels
LTH
Pick 3 Villains
ddd62291
Trending Topics
Anime
Marvel
Disney
Harry Potter
Crossword
NBA
Kpop
The Office
Soccer
WWE
NFL
Song
Puzzle
Country
Pokémon
Your Account Isn't Verified!
In order to create a playlist on Sporcle, you need to verify the email address you used during registration. Go to your
Sporcle Settings
to finish the process.
Report this User
Report this user for behavior that violates our
Community Guidelines
.
Details:
Send Report
Go to the Sporcle.com Mobile Site →
Comments